000 004390000a22001810004500
003 MACL
005 20150709134105.0
008 150709b xxu||||| |||| 00| 0 eng d
040 _aMACL
_cMACL
041 _aEnglish
082 _a305/MIS
100 _aMishra, Manorama
_91530
245 _aTribal Children
260 _bClassical Publishing Company
_c2007
_aNew Delhi
350 _a300
650 _aSociology
_919
942 _cBK
_k305
_2ddc
999 _c8178
_d8178